000 00909 a2200217 4500
008 230302b ||||| |||| 00| 0 eng d
020 _a9788490493458
050 _aPC3608
_b.S3 2019
100 _aSchmitt, Sylvie
245 _aLa guerre des jumeaux
_cSylvie Schmitt
260 _bCLE International;
_cc2019
_a[Paris]:
300 _a47 p. :
_bill;
_c21 cm
440 _aDécouverte : lecture en français facile A1.1
500 _aLa couv. porte: Audio téléchargeable
500 _aEnfants (6-9 ans)
500 _aEnfants (9-12 ans)
520 _aCharlie et Lili sont jumeaux mais ils se disputent tout le temps... Chaque dimanche, ils emmènent leur chien, Otto, se promener dans le parc. Mais aujourd'hui, Otto a décidé de suivre son chemin... Ce n'est plus le moment de se chamailler! [4e de couv.]
650 _2Français (langue)
650 _2Manuels pour allophones
942 _cBK
_2lcc
999 _c57989
_d57989